banner koha

Avaliacao de populacoes de leucena para tolerancia ao aluminio, 2: analise de conglomeracao (Registro n. 116042)

MARC details
000 -LÍDER
campo de controle de tamanho fixo 00905nas a2200277 4500
001 - NÚMERO DE CONTROLE
campo de controle BR8500330
003 - IDENTIFICADOR DO NÚMERO DE CONTROLE
campo de controle BR-BrBNA
005 - DATA E HORÁRIO DA ÚLTIMA TRANSAÇÃO
campo de controle 20231205090101.0
007 - CAMPO FIXO DE DESCRIÇÃO FÍSICA--INFORMAÇÃO GERAL
campo de controle de tamanho fixo ta
008 - CAMPO DE DADOS FIXOS--INFORMAÇÃO GERAL
campo de controle de tamanho fixo 230509b bl.|||p| |||| 00| 00por d
040 ## - FONTE DA CATALOGAÇÃO
Instituição da catalogação original BR-BrBNA
Idioma da catalogação por
Instituição que transcreveu o registro Biblioteca Nacional de Agricultura
041 ## - CÓDIGO DE IDIOMA
Código do idioma do texto/trilha sonora ou título diferente (Pt)
072 ## - CÓDIGO DE CATEGORIA DE ASSUNTO
Código de Categoria de Assunto H50
100 1# - ENTRADA PRINCIPAL--NOME PESSOAL
Nome pessoal Maluf, A.M.
100 1# - ENTRADA PRINCIPAL--NOME PESSOAL
Nome pessoal Martins, P.S.
100 1# - ENTRADA PRINCIPAL--NOME PESSOAL
Nome pessoal Ferreira-Rossi, P.E.
100 1# - ENTRADA PRINCIPAL--NOME PESSOAL
Nome pessoal Maluf, W.R.
245 1# - TÍTULO
Título Avaliacao de populacoes de leucena para tolerancia ao aluminio, 2: analise de conglomeracao
246 1# - FORMA VARIANTE DO TÍTULO
Título/título abreviado Evaluation of populations of leucaena for tolerance to aluminum, 2: clustering analysis
650 ## - ASSUNTO--TERMO TÓPICO
Cabeçalho tópico ou nome geográfico LEUCAENA
650 ## - ASSUNTO--TERMO TÓPICO
Cabeçalho tópico ou nome geográfico ALUMINIO
650 ## - ASSUNTO--TERMO TÓPICO
Cabeçalho tópico ou nome geográfico TOXIDEZ
773 0# - ENTRADA ANALÍTICA
Título Pesquisa Agropecuaria Brasileira (Brazil)
ISSN - International Standard Serial Number ISSN 0100-204X
Partes relacionadas (Aug 1984), v. 19(8) p. 999-1002
Número de controle do registro BR8500330
909 ## -
-- 202311
-- Lúcia
-- 55
-- Lúcia Elande
942 ## - ELEMENTOS DE ENTRADA ADICIONADOS (KOHA)
Fonte da classificação ou esquema de arquivamento na estante Classificação AGRIS
Ocultar no OPAC Não
Tipo de material Koha Analítica
Exemplares
Situação do descarte Fonte da classificação ou esquema de arquivamento na estante Situação física Não pode ser emprestado Biblioteca de origem Biblioteca atual Localização na estante Enumeração do periódico / cronologia Total de empréstimos Data de último acesso Número do exemplar Tipo de material Koha Fonte de aquisição
  Classificação AGRIS   Consulta local Biblioteca Nacional de Agricultura - Binagri Biblioteca Nacional de Agricultura - Binagri   (Aug 1984), v. 19(8) p. 999-1002   29/11/2023 01 Periódicos Portaria Interministerial nº 164/94

BINAGRI

Telefone: (61)3218-2567/2388/3357/2097 - binagri@agro.gov.br

Ministério da Agricultura e Pecuária , Esplanada dos Ministérios, Bloco D, Anexo B, Brasília/DF, CEP: 70.043-900